Một số vấn đề đổi mới phương pháp dạy học môn tiếng Anh trung học cơ sở

Nêu một số vấn đề về đổi mới phương pháp dạy học môn tiếng Anh trung học cơ sở và giới thiệu các bài soạn minh hoạ lớp 6, 7, 8, 9

Сохранить в:
Библиографические подробности
Главный автор: Đào Ngọc Lộc
Другие авторы: Nguyễn Hạnh Dung (b.s.), Vũ Thị Lợi (b.s.)
Формат:
Язык:Vietnamese
Опубликовано: H. Giáo dục 2008
Предметы:
Метки: Добавить метку
Нет меток, Требуется 1-ая метка записи!
Thư viện lưu trữ: Mạng thư viện Đại học Đà Nẵng
LEADER 01224aam a22003378a 4500
001 000006706
003 2865
005 20110919080942.0
008 110919s2008 viesd
020 |d 20000b 
041 0 |a vie 
082 1 4 |2 14  |a 428  |b M458S 
100 1 |a Đào Ngọc Lộc 
245 1 0 |a Một số vấn đề đổi mới phương pháp dạy học môn tiếng Anh trung học cơ sở  |c B.s.: Đào Ngọc Lộc (ch.b.), Nguyễn Hạnh Dung, Vũ Thị Lợi 
260 |a H.  |b Giáo dục  |c 2008 
300 |a 147tr.  |c 24cm 
520 |a Nêu một số vấn đề về đổi mới phương pháp dạy học môn tiếng Anh trung học cơ sở và giới thiệu các bài soạn minh hoạ lớp 6, 7, 8, 9 
650 7 |2 Bộ TK TVQG  |a Tiếng Anh 
650 7 |2 Bộ TK TVQG  |a Trung học cơ sở 
650 7 |2 Bộ TK TVQG  |a Phương pháp giảng dạy 
655 7 |2 Bộ TK TVQG  |a Sách giáo khoa 
700 1 |a Nguyễn Hạnh Dung  |e b.s. 
700 1 |a Vũ Thị Lợi  |e b.s. 
OWN |a LSP 
999 |a From the UDN01 
TYP |a Monograph 
TYP |a Printed language 
980 |a Mạng thư viện Đại học Đà Nẵng